| 000 -ლიდერი |
| ფიქსირებული სიგრძის საკონტროლო ველი |
00858nam a2200205Ia 4500 |
| 001 - საკონტროლო ნომერი |
| საკონტროლო ველი |
22950 |
| 003 - საკონტროლო ნომრის იდენტიფიკატორი |
| საკონტროლო ველი |
GE_BSU |
| 005 - ბოლო ოპერაციის თარიღი და დრო |
| საკონტროლო ველი |
20250908152529.0 |
| 008 - ფიქსირებული სიგრძის მონაცემთა ელემენტები - ზოგადი ინფორმაცია |
| ფიქსირებული სიგრძის საკონტროლო ველი |
181216s2004||||ge |||||||||||||| ||geo|| |
| 040 ## - კატალოგიზაციის წყარო |
| Transcribing agency |
GE_BSU |
| 041 ## - ენის კოდი |
| Language code of text/sound track or separate title |
geo |
| 080 ## - უნივერსალური ათობითი კლასიფიკაციის ინდექსი |
| Universal Decimal Classification number |
174.7:338.22(075.3) გ-55 |
| 245 ## - ცნობა სათაურის შესახებ |
| Title |
გლობალური ბიზნეს ეთიკა : |
| Remainder of title |
სახ-ლო უფროსი კლასებისათვის / |
| Statement of responsibility, etc |
მთაგმნ.: გ. მელაძე. რედ. ე. გეგეშიძე. |
| 264 ## - წარმოების, გამოცემის, დისტრიბუციის და სხვა ცნობები |
| გამოცემის, წარმოების, დისტრიბუციის... ადგილი |
თბილისი, |
| გამოცემის, წარმოების, დისტრიბუციის... თარიღი |
2004. |
| 300 ## - ფიზიკური აღწერა |
| Extent |
64 გვ. ; |
| Other physical details |
30 სმ. |
| 653 ## - INDEX TERM--UNCONTROLLED |
| Uncontrolled term |
გლობალური ბიზნეს ეთიკა |
| 700 ## - ADDED ENTRY--PERSONAL NAME |
| Personal name |
მელაძე, გ. |
| Relator term |
რედაქტორი |
| 9 (RLIN) |
4663 |
| 700 ## - ADDED ENTRY--PERSONAL NAME |
| Personal name |
გეგეშიძე, ე. |
| Relator term |
რედაქტორი |
| 9 (RLIN) |
25780 |
| 942 ## - ADDED ENTRY ELEMENTS (KOHA) |
| Koha item type |
წიგნი |
| Source of classification or shelving scheme |
|